Prestávky v práci
Právna úprava prestávok v práci zakotvená v zákonníku práce. Prestávka na odpočinok a jedenie. Primeraný čas na odpočinok a jedenie. Práva a povinnosti zamestnávateľa pri určovaní prestávok v práci. Prestávka v práci poskytnutá na zaistenie bezpečnosti a ochrany zdravia zamestnancov. Prestávky na do...
Uložené v:
| Hlavný autor: | |
|---|---|
| Médium: | Kapitola |
| Jazyk: | Slovak |
| Predmet: | |
| Tagy: |
Žiadne tagy, Buďte prvý, kto otaguje tento záznam!
|
MARC
| LEADER | 00000naa a2200000 4500 | ||
|---|---|---|---|
| 001 | 0225035 | ||
| 005 | 20161205104211.4 | ||
| 041 | 0 | |a slo | |
| 044 | |a SK | ||
| 245 | 1 | 0 | |a Prestávky v práci |c Klára Ďurková |
| 520 | |a Právna úprava prestávok v práci zakotvená v zákonníku práce. Prestávka na odpočinok a jedenie. Primeraný čas na odpočinok a jedenie. Práva a povinnosti zamestnávateľa pri určovaní prestávok v práci. Prestávka v práci poskytnutá na zaistenie bezpečnosti a ochrany zdravia zamestnancov. Prestávky na dojčenie. Úraz vzniknutý počas prestávky v práci. Príklady z praxe. | ||
| 610 | 2 | 0 | |a práca |
| 610 | 2 | 0 | |a prestávky pracovné |
| 610 | 2 | 0 | |a oddych |
| 610 | 2 | 0 | |a bezpečnosť práce |
| 610 | 2 | 0 | |a zamestnanci |
| 610 | 2 | 0 | |a zamestnávatelia |
| 610 | 2 | 0 | |a zákonník práce |
| 100 | 1 | |a Ďurková, Klára | |